000 00531nam a22002057a 4500
003 Ost
005 20260311033607.0
008 260311b |||||||| |||| 00| 0 eng d
020 _a9781119853374
040 _cBT-PhCST
050 _a25680
082 _222
_a720.1
_bCHI
100 _aChing, Francsi D. K.
245 _aArchitecture :
_bform, space and order /
250 _a5th ed.
260 _aIndia :
_bWiley and Sons,
_cc2011.
300 _axiii, 481 p. :
_bill. ;
_c28 cm.
500 _aIncludes index.
942 _2ddc
_cAE
999 _c10174
_d10174